000 01071nam a2200265 4500
001 80068
003 BD-RjUL
005 20220630143439.0
008 220630s1960 ua b 000 0 ararc
035 _a(BD-RjUL) 80068
040 _aPrinceton Univ. Libr.
_cWaU
_dWaU
_dMH
_dCStRLIN
_dUkOxU
_beng
041 _aara
082 _223
_a892.71092
_bHAI 1960
100 1 _aحسن، محمد عبد الغني.[Ḥasan, Muḥammad ʿAbd al-Ghanī].
_93964
245 1 0 _aابن الرومي [Ibn al-Rūmī], /
_cbi-qalam [Muḥammad ʿAbd al-Ghanī Ḥasan]بقلم محمد عبد الغني حسن.
260 _aMiṣr,القاهرة :
_bDār al-Maʿārif, دار المعارف
_c1960.
300 _a112 p. ;
_c22 cm.
490 _aنوابغ الفكر العربي ؛
_v11
504 _aIncludes bibliographical references (p. 107-108)
600 0 0 _aIbn al-Rūmī,
_d836-896.
_93965
650 _aArabic poetry
_y 750-1258.
_9204
830 0 _aNawābigh al-fikr al-ʿArabī ;نوابغ الفكر العربي ؛
_v11
_93967
942 _2ddc
_cBK
999 _c80068
_d80068